[Event "AUTO-OPEN-1034"]
[Site "http://www.queenalice.com/game.php?id=362393"]
[Date "2008.2.28"]
[Round "1"]
[White "Jackie_Chan"]
[Black "HokZ157"]
[Result "0-1"]
[WhiteElo "1199"]
[BlackElo "1761"]

1. e4 c5 2. Bc4 Nc6 3. Nf3 e5 4. d3 Nf6 5. Ng5 d5 6. Bb3 Be7 7. Nc3 O-O 8. Nxd5
Nxd5 9. exd5 Nd4 10. Ne4 f5 11. Ng3 Nxb3 12. cxb3 Qxd5 13. O-O Bd7 14. Nh5 Bc6
0-1

[Event "AUTO-OPEN-1034"]
[Site "http://www.queenalice.com/game.php?id=362394"]
[Date "2008.2.28"]
[Round "1"]
[White "HokZ157"]
[Black "Jackie_Chan"]
[Result "1-0"]
[WhiteElo "1744"]
[BlackElo "1248"]

1. e4 e5 2. f4 Nc6 3. Nf3 d6 4. Bc4 Nf6 5. Nc3 Be6 6. Bxe6 fxe6 7. O-O exf4 8.
d4 Ng4 9. Bxf4 Qf6 10. Bg3 O-O-O 11. Ne5 dxe5 12. Rxf6 gxf6 13. Qxg4 1-0

[Event "AUTO-OPEN-1034"]
[Site "http://www.queenalice.com/game.php?id=362395"]
[Date "2008.2.28"]
[Round "1"]
[White "Jackie_Chan"]
[Black "rbaraldi"]
[Result "1-0"]
[WhiteElo "1096"]
[BlackElo "1484"]

1. e4 e5 2. Nf3 d6 3. Bc4 f6 4. h3 Nc6 5. d3 Nd4 6. O-O Bd7 7. Be3 Qe7 8. c3
Nxf3+ 9. Qxf3 O-O-O 10. Bxa7 b6 11. Ba6# 1-0

[Event "AUTO-OPEN-1034"]
[Site "http://www.queenalice.com/game.php?id=362396"]
[Date "2008.2.28"]
[Round "1"]
[White "rbaraldi"]
[Black "Jackie_Chan"]
[Result "1-0"]
[WhiteElo "1544"]
[BlackElo "1332"]

1. e4 c5 2. d3 h6 3. Nf3 d6 4. c4 Qa5+ 5. Bd2 Qa6 6. Be2 Nc6 7. O-O Be6 8. Na3
O-O-O 9. Nb5 Qb6 10. a4 a6 11. a5 Qxa5 12. Bxa5 Nxa5 13. Na3 Nf6 14. h3 h5 15.
Ng5 Bg4 16. hxg4 hxg4 17. Bxg4+ e6 18. Nxf7 Rh7 19. Bxe6+ Rd7 20. Bxd7+ Kxd7 21.
Ng5 Rh5 22. Nh3 1-0

[Event "AUTO-OPEN-1034"]
[Site "http://www.queenalice.com/game.php?id=362397"]
[Date "2008.2.28"]
[Round "1"]
[White "Jackie_Chan"]
[Black "robledo"]
[Result "0-1"]
[WhiteElo "1195"]
[BlackElo "1843"]

1. e4 c5 2. Bc4 d6 3. Nf3 Bg4 4. h3 Bd7 5. Ng5 e6 6. h4 b5 7. Qf3 Qf6 8. O-O
bxc4 9. Na3 Qxf3 10. gxf3 h6 11. Nh3 d5 12. Nf4 g5 13. Ng2 Bd6 14. d3 cxd3 15.
cxd3 Ne7 16. Bd2 gxh4 17. Nxh4 c4 18. dxc4 Bc6 19. Rac1 dxe4 20. fxe4 Bxa3 21.
bxa3 Bxe4 22. Rfd1 Nf5 23. Nxf5 Bxf5 0-1

[Event "AUTO-OPEN-1034"]
[Site "http://www.queenalice.com/game.php?id=362398"]
[Date "2008.2.28"]
[Round "1"]
[White "robledo"]
[Black "Jackie_Chan"]
[Result "1-0"]
[WhiteElo "1841"]
[BlackElo "1197"]

1. e4 c5 2. Nf3 e6 3. d4 b6 4. Be3 Bd6 5. dxc5 Bxc5 6. Bxc5 bxc5 7. c4 Nf6 8.
Bd3 Qe7 9. O-O O-O 10. Nc3 Nc6 11. a3 Rb8 12. Qc2 Nd4 13. Nxd4 cxd4 14. Nb5 Rb7
15. Qa4 d5 16. e5 Nd7 17. Nd6 Nxe5 18. Nxb7 Nxd3 19. Na5 Nxb2 20. Qb5 Nd3 21.
cxd5 Nf4 22. dxe6 1-0

[Event "AUTO-BEG-189"]
[Site "http://www.queenalice.com/game.php?id=362724"]
[Date "2008.2.28"]
[Round "1"]
[White "ramy"]
[Black "Jackie_Chan"]
[Result "1-0"]
[WhiteElo "1424"]
[BlackElo "1260"]

1. d4 Nc6 2. c4 e6 3. Nc3 Bb4 4. Qb3 Nge7 5. Nf3 Ba5 6. d5 Nf5 7. dxc6 dxc6 8.
Qa3 b6 9. b4 Qe7 10. bxa5 bxa5 11. Qxe7+ Nxe7 12. Bf4 Nf5 13. Bxc7 O-O 14. e4
Ne7 15. Bxa5 1-0

[Event "AUTO-BEG-189"]
[Site "http://www.queenalice.com/game.php?id=362725"]
[Date "2008.2.28"]
[Round "1"]
[White "Jackie_Chan"]
[Black "ramy"]
[Result "0-1"]
[WhiteElo "1274"]
[BlackElo "1412"]

1. e4 c6 2. Nf3 d5 3. d3 dxe4 4. Ng5 exd3 5. Bxd3 g6 6. Bc4 Qxd1+ 7. Kxd1 e6 8.
Bf4 Nf6 9. Re1 Nbd7 10. Nc3 b5 11. Bd3 Ng4 12. Re2 h6 13. Nf3 Nc5 14. Ne5 Nxe5
0-1

[Event "AUTO-BEG-189"]
[Site "http://www.queenalice.com/game.php?id=362730"]
[Date "2008.2.28"]
[Round "1"]
[White "Magrolino"]
[Black "Jackie_Chan"]
[Result "0-1"]
[WhiteElo "1131"]
[BlackElo "1339"]

1. e4 c5 2. Ne2 Nf6 3. d3 h6 4. Nbc3 d6 5. d4 Nc6 6. dxc5 dxc5 7. Nd5 Nxe4 8.
Nef4 Qa5+ 9. c3 e6 10. Ne3 Bd6 11. Nc4 Qc7 12. Bd3 Nxf2 13. Kxf2 Bxf4 14. Ne3
O-O 15. Qg4 e5 16. Qf3 Qd7 17. Nd5 Bxc1 18. Nf6+ gxf6 0-1

[Event "AUTO-BEG-189"]
[Site "http://www.queenalice.com/game.php?id=362731"]
[Date "2008.2.28"]
[Round "1"]
[White "Jackie_Chan"]
[Black "Magrolino"]
[Result "1-0"]
[WhiteElo "1313"]
[BlackElo "1146"]

1. e4 e5 2. Nf3 d6 3. Bc4 Nf6 4. Ng5 h6 5. Nxf7 Qd7 6. Nxh8 Nxe4 7. Qh5+ g6 8.
Qxg6+ Ke7 9. Qxe4 Nc6 10. Qh4+ Ke8 11. f4 Qg7 12. Bf7+ Qxf7 13. Nxf7 Kxf7 14.
O-O Be7 15. Qxh6 Bf5 16. fxe5 dxe5 17. Rxf5+ Ke8 18. Qh8+ 1-0

[Event "AUTO-OPEN-1042"]
[Site "http://www.queenalice.com/game.php?id=365497"]
[Date "2008.3.4"]
[Round "1"]
[White "Erick"]
[Black "Jackie_Chan"]
[Result "1-0"]
[WhiteElo "1422"]
[BlackElo "1171"]

1. e4 e5 2. Nf3 Nc6 3. Bb5 a6 4. Ba4 h6 5. d4 exd4 6. O-O d6 7. Nxd4 Qh4 8. Nxc6
Qg5 9. Bxg5 hxg5 10. Nd4+ Bd7 11. Bxd7+ Kxd7 12. Qg4+ 1-0

[Event "AUTO-OPEN-1042"]
[Site "http://www.queenalice.com/game.php?id=365498"]
[Date "2008.3.4"]
[Round "1"]
[White "Jackie_Chan"]
[Black "Erick"]
[Result "0-1"]
[WhiteElo "1178"]
[BlackElo "1415"]

1. Nf3 Nf6 2. e3 c5 3. Bc4 d5 4. Bb3 Nc6 5. Nc3 Bg4 6. d3 e6 7. h3 Bh5 8. g4 Bg6
9. e4 dxe4 10. dxe4 Qxd1+ 11. Nxd1 Bxe4 0-1

[Event "AUTO-OPEN-1042"]
[Site "http://www.queenalice.com/game.php?id=365507"]
[Date "2008.3.4"]
[Round "1"]
[White "marvgiff"]
[Black "Jackie_Chan"]
[Result "1-0"]
[WhiteElo "1718"]
[BlackElo "1199"]

1. e4 e5 2. Nf3 d6 3. Nc3 Nf6 4. Bc4 Be7 5. Ng5 O-O 6. d3 h6 7. Nf3 c6 8. Qe2 d5
9. exd5 cxd5 10. Bb3 d4 11. Ne4 Bf5 12. Nxe5 Bb4+ 13. Bd2 Qa5 14. O-O Qxe5 15.
Bxb4 Ng4 16. g3 Re8 17. Qf3 Nc6 18. Bd6 Qb5 19. Bc4 Qxb2 20. Qxf5 Nf6 21. Nxf6+
gxf6 22. Qxf6 Re6 23. Bxe6 fxe6 24. Qxe6+ 1-0

[Event "AUTO-OPEN-1042"]
[Site "http://www.queenalice.com/game.php?id=365508"]
[Date "2008.3.4"]
[Round "1"]
[White "Jackie_Chan"]
[Black "marvgiff"]
[Result "0-1"]
[WhiteElo "1358"]
[BlackElo "1635"]

1. e4 e5 2. Nf3 Nc6 3. Bc4 Nd4 4. c3 Nxf3+ 5. Qxf3 Nf6 6. d3 Be7 7. Nd2 d6 8.
O-O Bg4 9. Qg3 Qd7 10. h3 Bh5 11. Qxg7 Rg8 12. Bxf7+ Bxf7 13. Qh6 O-O-O 14. Nc4
Rg6 15. Qh4 Bxc4 16. dxc4 Nd5 17. Qxh7 Rdg8 18. cxd5 Rxg2+ 19. Kh1 R2g7 20. Rg1
Rxg1+ 21. Kh2 R8g2# 0-1

[Event "AUTO-BEG-192"]
[Site "http://www.queenalice.com/game.php?id=366305"]
[Date "2008.3.6"]
[Round "1"]
[White "Jackie_Chan"]
[Black "daga2008"]
[Result "1-0"]
[WhiteElo "1258"]
[BlackElo "1296"]

1. e4 e5 2. Nf3 Nc6 3. Bc4 Be7 4. a3 d6 5. d3 Nd4 6. Be3 b5 7. Ba2 Bd7 8. Nc3 c6
9. Nxd4 exd4 10. Bxd4 Bf6 11. Be3 Ne7 12. Qh5 g6 13. Qf3 Bg7 14. Qxf7# 1-0

[Event "AUTO-BEG-192"]
[Site "http://www.queenalice.com/game.php?id=366306"]
[Date "2008.3.6"]
[Round "1"]
[White "daga2008"]
[Black "Jackie_Chan"]
[Result "1-0"]
[WhiteElo "1347"]
[BlackElo "1248"]

1. e4 e5 2. Qh5 Nf6 3. Qxe5+ Qe7 4. Qxe7+ Bxe7 5. e5 Ne4 6. d4 Bb4+ 7. c3 Ba5 8.
b4 Bb6 9. Bd3 Nxf2 10. Kxf2 d6 11. exd6 cxd6 12. Bb5+ Nd7 13. Bxd7+ Bxd7 14. Nf3
h5 15. Re1+ Kf8 16. Nbd2 d5 17. h3 Rh6 18. Ne5 Rf6+ 19. Ndf3 Ba4 20. g4 1-0

[Event "AUTO-BEG-192"]
[Site "http://www.queenalice.com/game.php?id=366307"]
[Date "2008.3.6"]
[Round "1"]
[White "Jackie_Chan"]
[Black "Corinthians17"]
[Result "0-1"]
[WhiteElo "1355"]
[BlackElo "1577"]

1. e4 e5 2. Qh5 Nc6 3. Bc4 g6 4. Qf3 Nh6 5. d3 Nd4 6. Qd1 Qf6 7. c3 Ng4 8. Qxg4
Nc2+ 9. Kf1 Nxa1 10. Bg5 Qb6 11. b4 a5 12. a3 d5 13. Qf3 dxc4 14. dxc4 axb4 0-1

[Event "AUTO-BEG-192"]
[Site "http://www.queenalice.com/game.php?id=366308"]
[Date "2008.3.6"]
[Round "1"]
[White "Corinthians17"]
[Black "Jackie_Chan"]
[Result "1-0"]
[WhiteElo "1584"]
[BlackElo "1342"]

1. e4 d6 2. Nf3 a6 3. Bc4 e5 4. d3 h6 5. O-O Qf6 6. Nc3 Qg6 7. Nd5 Bh3 8. Nh4
Qe6 9. Nxc7+ Ke7 10. Bxe6 fxe6 11. Nxa8 g5 12. Ng6+ Kf7 13. Nxh8+ 1-0